<?xml version="1.0" encoding="UTF-8"?>
<record
    xmlns:xsi="http://www.w3.org/2001/XMLSchema-instance"
    xsi:schemaLocation="http://www.loc.gov/MARC21/slim http://www.loc.gov/standards/marcxml/schema/MARC21slim.xsd"
    xmlns="http://www.loc.gov/MARC21/slim">

  <leader>01015aab a2200217 i 4500</leader>
  <controlfield tag="001">CO-MdFUSB</controlfield>
  <controlfield tag="003">CO-MdFUSB</controlfield>
  <controlfield tag="005">20240422100947.0</controlfield>
  <controlfield tag="008">240416t1983    ag ||||| |||| 00| 0 spa d</controlfield>
  <datafield tag="040" ind1=" " ind2=" ">
    <subfield code="b">spa</subfield>
    <subfield code="c">CO-MdFUSB</subfield>
  </datafield>
  <datafield tag="041" ind1=" " ind2=" ">
    <subfield code="a">spa</subfield>
  </datafield>
  <datafield tag="100" ind1="1" ind2=" ">
    <subfield code="a">CLAI</subfield>
    <subfield code="e">autor</subfield>
  </datafield>
  <datafield tag="245" ind1=" " ind2=" ">
    <subfield code="a">Mensaje del Consejo Latinoamericano de Iglesias (CLAI) a las iglesias y pueblos del continente</subfield>
    <subfield code="c">/ Consejo Latinoamericano de Iglesias (CLAI)</subfield>
  </datafield>
  <datafield tag="300" ind1=" " ind2=" ">
    <subfield code="a">Volumen 2, n&#xFA;mero 2, (abril - junio, 1983), p&#xE1;ginas: 40 - 41</subfield>
    <subfield code="c">; 27 cm</subfield>
  </datafield>
  <datafield tag="520" ind1=" " ind2=" ">
    <subfield code="a">El Consejo Latinoamericano de Iglesias ha enfatizado la importancia y urgencia de construir una comprensi&#xF3;n m&#xE1;s profunda de Cristo para que el mundo se una en Am&#xE9;rica Latina. m&#xE1;s humanos seg&#xFA;n el valor que Dios mismo puso en cada persona.</subfield>
  </datafield>
  <datafield tag="600" ind1=" " ind2=" ">
    <subfield code="y">Teolog&#xED;a </subfield>
  </datafield>
  <datafield tag="650" ind1=" " ind2="7">
    <subfield code="a">Teolog&#xED;a pastoral</subfield>
    <subfield code="9">227</subfield>
  </datafield>
  <datafield tag="653" ind1=" " ind2=" ">
    <subfield code="a">Teolog&#xED;a protestante</subfield>
  </datafield>
  <datafield tag="773" ind1="0" ind2=" ">
    <subfield code="t">Iglesia y Misi&#xF3;n</subfield>
    <subfield code="0">49402</subfield>
    <subfield code="9">59626</subfield>
    <subfield code="g">Volumen 2, n&#xFA;mero 2, (abril - junio, 1983), p&#xE1;ginas: 40 - 41</subfield>
    <subfield code="q">p&#xE1;gina: 40</subfield>
  </datafield>
  <datafield tag="942" ind1=" " ind2=" ">
    <subfield code="c">ANA</subfield>
  </datafield>
  <datafield tag="999" ind1=" " ind2=" ">
    <subfield code="c">51390</subfield>
    <subfield code="d">51390</subfield>
  </datafield>
</record>
